CPM network development, (Record no. 548398)
[ view plain ]
| 000 -LEADER | |
|---|---|
| fixed length control field | 00361nam a22001337a 4500 |
| 082 ## - DEWEY DECIMAL CLASSIFICATION NUMBER | |
| Classification number | 658.4032 |
| Author Mark | CPM |
| 100 ## - MAIN ENTRY--PERSONAL NAME | |
| Personal name | US Army Engineer School. |
| 9 (RLIN) | 44681 |
| 245 ## - TITLE STATEMENT | |
| Title | CPM network development, |
| 260 ## - PUBLICATION, DISTRIBUTION, ETC. | |
| Place of publication, distribution, etc. | Virgina: |
| Name of publisher, distributor, etc. | US Army Engineer School. |
| Date of publication, distribution, etc. | c1972 |
| 300 ## - PHYSICAL DESCRIPTION | |
| Extent | 79 p,; |
| Dimensions | 19cm |
| 526 ## - STUDY PROGRAM INFORMATION NOTE | |
| Program name | 0 |
| Interest level | 0 |
| Reading level | 0 |
| Title point value | 658_403200000000000_CPM |
| 650 ## - SUBJECT ADDED ENTRY--TOPICAL TERM | |
| Topical term or geographic name entry element | MCE |
| 9 (RLIN) | 379 |
| 942 ## - ADDED ENTRY ELEMENTS (KOHA) | |
| Source of classification or shelving scheme | |
| Koha item type | Book |
| Withdrawn status | Lost status | Source of classification or shelving scheme | Damaged status | Not for loan | Permanent Location | Current Location | Date acquired | Total Checkouts | Full call number | Barcode | Date last seen | Price effective from | Koha item type |
|---|---|---|---|---|---|---|---|---|---|---|---|---|---|
| Military College of Engineering (MCE) | Military College of Engineering (MCE) | 08/27/2014 | 658.4032 CPM | MCE-42560 | 08/27/2014 | 08/27/2014 | Book |
